P. Albert Vogel gest.
| Titel: | P. Albert Vogel gest. |
|---|---|
| Verfasser: | |
| In: |
Zeitschrift für Geschichte und Kulturgeschichte Schlesiens, Band 16 (1921), Seite 140 alle Artikel anzeigen |
| Veröffentlicht: | 1921 |
| Format: | Aufsatz |
| Sprache: | Deutsch |
X
alg: 39183273 001A $01999:11-11-16 001B $01999:16-05-21 $t20:15:14.000 001C $06050:19-11-16 $t09:20:27.000 001D $01999:11-11-16 001U $0utf8 001X $00 002@ $0Aox 003@ $0391832735 007A $0391832735 $aHEB 007T $0Herda04835 010@ $ager 011@ $a1921 021A $aP. Albert Vogel gest. 028A $aKarger $dViktor 031A $d16 $h140 $j1921 039B $aIn $8--Abvc--. Zeitschrift für Geschichte und Kulturgeschichte Schlesiens. - Opava : Zemský Archiv, 1918-2006 $x192100000160000860 $9047981504 045F $a929.094371 $eDDC23BSB 045F/01 $a929 045F/03 $g4371 045F/03 $g4385 045T $a9,10 lok: 39183273 78 exp: 39183273 78 1 #EPN 201B/01 $007-12-17 $t23:38:04.000 201U/01 $0utf8 203@/01 $0787927929 208@/01 $a11-11-16 $be 209A/01 $a/ $f000 $x00 220C/01 $aTitelaufnehmer: cs 244Z/01 $2Trx $#Silesia $#Śląsk $#Sliezsko $#Slezsko $8--Trx--Schlesien $x01 $9391173987 244Z/01 $#Tschechien $#Tschechische Republik $#Tschechische Republik $#Tschechenland $#Tschechei Tschechien $#Česká Republika $#Czech Republic $#ČR $74303381-7 $8--Tg1--Tschechien $x02 $9086659812 244Z/01 $2Trx $#Böhmen $#Bohemia $#Czechy $8--Trx--Čechy $x03 $9391188941 244Z/01 $#Polnisch-Teschen $74088880-0 $8--Tg1--Cieszyn $x04 $9085249394 244Z/01 $aGeschichte 1849-1921 $x05 244Z/01 $2Trx $8--Trx--Vogel, Albert$Z1849-1921 $x06 $9390589217 244Z/01 $2Trx $#vaimulikkond, rooma-katoliku $#Romos katalikų dvasininkai $#clergy, Roman-Catholic $#papság, római-katolikus $#duchowieństwo rzymskokatolickie $#duchovenstvo rímsko-katolícke $#duchovenstvo římsko-katolické $#Klerus $#Priester $#Pfarrer $#kler $#księża katoliccy $#klérus $#kňazi $#farári $#klérus $#kněží $#faráři $8--Trx--Geistliche, römisch-katholische $x07 $9391373757 244Z/01 $2Trx $#ajaloolased $#istorikai $#historians $#történészek $#historycy $#historici $#historici $8--Trx--Historiker $x08 $9391373544 244Z/01 $2Trx $8--Trx--Zeitschriftenaufsatz $x09 $9391384341 244Z/01 $2Trx $#biograafiad $#biografijos $#biography $#életrajzok $#biografia $#biografie $#biografie $8--Trx--Biographie $x10 $9391352938 245Z/01 $a12.03 $x01 247C/01 $82080>Marburg/Lahn, Herder-Institut, Forschungsbibliothek, Bibliographieportal $9336309341
| LEADER | 00000caa a22000002c 4500 | ||
|---|---|---|---|
| 001 | 391832735 | ||
| 003 | DE-603 | ||
| 005 | 20210516201514.0 | ||
| 007 | tu | ||
| 008 | 161111s1921 xx |||| | u00||u|ger c | ||
| 035 | |a (DE-599)HEB391832735 | ||
| 040 | |a DE-603 |b ger |c DE-603 |d DE-603 | ||
| 041 | |a ger | ||
| 082 | 0 | 4 | |8 1\u |a 929.094371 |q DE-101 |2 23/BSB |
| 084 | |a 9,10 |2 ssgn | ||
| 085 | |8 1\u |b 929 | ||
| 085 | |8 1\u |z 2 |s 4371 | ||
| 085 | |8 1\u |z 2 |s 4385 | ||
| 100 | 1 | |a Karger, Viktor | |
| 245 | 0 | 0 | |a P. Albert Vogel gest. |
| 264 | 0 | |c 1921 | |
| 773 | 0 | 8 | |i In |t Zeitschrift für Geschichte und Kulturgeschichte Schlesiens |d Opava : Zemský Archiv, 1918-2006 |g Band 16 (1921), Seite 140 |w (DE-603)047981504 |w (DE-600)716156-6 |
| 924 | 0 | |9 2080 |a (DE-603)787927929 |b DE-2080 |c HES |d d |g / | |


